Années d'indépendances - Afrique - Statistiques

Statistiques générales
  • Ce quiz a été pris 32 fois
  • Le résultat moyen est 33 sur 51
Statistiques - réponses
Hint Réponse % Correct
Algérie 1962
86%
Mali 1960
81%
Centrafrique 1960
81%
Bénin 1960
81%
Tunisie 1956
76%
Guinée 1958
76%
Côte d'Ivoire 1960
76%
Tchad 1960
76%
Somalie 1960
76%
Cameroun 1960
76%
Congo 1960
76%
Madagascar 1960
76%
Togo 1960
76%
Libye 1951
71%
Nigeria 1960
71%
Sénégal 1960
71%
Niger 1960
71%
Mauritanie 1960
71%
Rwanda 1962
71%
Maroc 1956
67%
Gabon 1960
67%
RDC Congo 1960
67%
Burkina 1960
67%
Tanzanie 1961
67%
Sierra Leone 1961
67%
Botswana 1966
67%
Mozambique 1975
67%
Djibouti 1977
67%
Ghana 1957
62%
Burundi 1962
62%
Ouganda 1962
62%
Maurice 1968
62%
Eswatini 1968
62%
Cap-Vert 1975
62%
Comores 1975
62%
Soudan 1956
57%
Kenya 1963
57%
Zambie 1964
57%
Gambie 1965
57%
Lesotho 1966
57%
Guinée équatoriale 1968
57%
Guinée-Bissau 1974
57%
Angola 1975
57%
Seychelles 1976
57%
Zimbabwe 1980
57%
Sao-Tomé-et-Principe 1975
52%
Namibie 1990
52%
Erythrée 1993
52%
Soudan du Sud 2011
52%
Egypte 1922
38%
Liberia 1847
29%
Aucun quiz correspondant
Distribution des résultats
% des personnes avec chaque résultat
Percentile par nombre de réponses
Votre historique - résultats
Vous n’avez pas pris ce quiz